000 00263nam a22001097a 4500
008 240708b |||||||| |||| 00| 0 eng d
100 _aSharma, Vindhmohan
_916661
245 _aNaye Nibandh
260 _aAgra;
_bKailash Pub;
_c1965.
300 _a328p.
942 _cBK
999 _c40460
_d40460